India and the Bangladesh liberation war (Record no. 114424)

MARC details
000 -LEADER
fixed length control field 00452 a2200157 4500
005 - DATE AND TIME OF LATEST TRANSACTION
control field 20260330110125.0
008 - FIXED-LENGTH DATA ELEMENTS--GENERAL INFORMATION
fixed length control field 260305b |||||||| |||| 00| 0 eng d
020 ## - INTERNATIONAL STANDARD BOOK NUMBER
International Standard Book Number 9789353458621
080 ## - UNIVERSAL DECIMAL CLASSIFICATION NUMBER
Universal Decimal Classification number 94(540:549.3)
Item number DAS/I
100 ## - MAIN ENTRY--PERSONAL NAME
Personal name Dasgupta,Chandrashekhar
245 ## - TITLE STATEMENT
Title India and the Bangladesh liberation war
260 ## - PUBLICATION, DISTRIBUTION, ETC. (IMPRINT)
Name of publisher, distributor, etc Juggernaut
Place of publication, distribution, etc New Delhi.
Date of publication, distribution, etc 2024.
300 ## - PHYSICAL DESCRIPTION
Extent 307p.
653 ## - INDEX TERM--UNCONTROLLED
Uncontrolled term Bangladesh Liberation War-Indo-Soviet Treaty
942 ## - ADDED ENTRY ELEMENTS (KOHA)
item type Under processing
Holdings
Lost status Source of classification or shelving scheme Not for loan Home library Current library Shelving location Date acquired Cost, normal purchase price Total Checkouts Full call number Barcode Date last seen Cost, replacement price Price effective from Koha item type
  Universal Decimal Classification Not For Loan University Library University Library On Display 27/02/2025 479.20   94(540:549.3) DAS/I 00096786 27/02/2025 599.00 27/02/2025 Books
University Library, CUSAT